Responses for Show #5619 - Thursday, January 29, 2009

Contestants

[<< previous game]

Cynthia Astle, a journalist from Dallas, Texas

Brian Lee, a graduate student from Tempe, Arizona

Jack Feerick, a freelance writer from Churchville, New York (whose 1-day cash winnings total $48,600)

[next game >>]

Jeopardy! Round responses

DANTE'S DIVINE COMEDY
THE PLAYER'S PRO TEAM
AMERICAN EDUCATION
IT HAPPENS ONCE A YEAR
EXODUS
STAGE "RIGHT"
    $200 16
(Brian: What is Easter?)

Good Friday

JackBrian
    $200 26
the Lakers

Brian
    $200 11
Interior

Brian
    $200 20
clowns

Jack
    $200 1
Passover

Jack
    $200 6
playwrights

Cynthia
    $400 17
(Brian: Who is Ovid?)

Virgil

JackBrian
    $400 27
the Broncos

Brian
    $400 12
a seminary

Jack
    $800 21
(Jack: What is April?)

February

Jack
    $400 2
the pharaoh

Jack
    $400 7
a copyright symbol

Brian
    $600 18
cantos

Jack
    $600 28
the Red Sox

Jack
    $600 13
middle schools

Jack
    $600 23
Labor Day

Brian
    $600 3
the Red Sea

Brian
    $600 8
frightful

Brian
    $800 19
alchemy

Cynthia
    $800 29
the Pistons

Brian
    $800 14
The Citadel

Jack
    $800 24
Leif Ericson

Brian
    $800 4
a snake

Cynthia
    $800 9
sprightly

Brian
    $1000 22
Simon

Cynthia
    $1000 30
(Brian: Who are the Mariners?)

the Minnesota Twins

Brian
Triple Stumper
    $1000 15
(Cynthia: Who is Horace Greeley?)

Horace Mann

JackCynthia
    $1000 25
Sadie Hawkins Day

Cynthia
    $1000 5
(Cynthia: What are "Thou shalt not steal" and "Thou shalt not...")

"Thou shalt not kill" & "Thou shalt not steal"

BrianCynthia
    $1000 10
Fulbright

Brian

Scores at the first commercial break (after clue 15):

Jack Brian Cynthia
$3,400 $4,600 -$1,000

Scores at the end of the Jeopardy! Round:

Jack Brian Cynthia
$4,600 $5,800 $1,800

Double Jeopardy! Round responses

THE STATUE OF LIBERTY
CLASSIC TV DRAMA EPISODES
URBAN PLANNING
PICK THE PRIME NUMBER
RAISE THE FLAG
THIS MEANS "WAR"
    $400 6
the Colossus of Rhodes

Cynthia
    $400 1
Bonanza

Jack
    $400 22
(Brian: What are sewer drains?)
...
[Before the next Daily Double:
(Alex: Your response a little while ago regarding Paris and 1184 of sewer drains is acceptable.)]

stone paving (sewer drains accepted)

Brian
    $400 11
2

Jack
    $400 16
Taiwan

Cynthia
    $400 21
(Brian: What is a warble?)
(Alex: Wa--say it--)
(Brian: Warble?)

a warbler

BrianCynthia
    $800 7
(Cynthia: What is 1890?)
...
(Alex: It was [*]--'86.)

the 1880s

Cynthia
Triple Stumper
    $800 2
Buffy the Vampire Slayer

Jack
    $800 23
a grid

Jack
    $800 12
13

Brian
    $800 17
Muhammad

Jack
    $800 27
Warsaw

Brian
    $1200 8
(Gustave) Eiffel

Brian
    $1200 3
(Cynthia: What is...[no response]?)

CSI

Cynthia
Triple Stumper
    $1200 24
a granny flat

Triple Stumper
    $1200 13
23

Brian
    $1200 18
Japan

Brian
    $1200 28
Warrant

Jack
    $1600 9
breathe free

Cynthia
    $1600 4
Dynasty

Cynthia
    $1600 25
a cove

Jack
    $1600 14
59

Brian
    $1,000 19
Nova Scotia

Brian
    $1,000 29
warts and all

Jack
    $2000 10
(Frédéric Auguste) Bartholdi

Jack
    $2000 5
(Alex: That series was [*], about the nurses.)

China Beach

Triple Stumper
    $2000 26
[Alex gives the response as "Shady", but corrects himself before the next Daily Double.]

Shade Tree Commission

Triple Stumper
    $2000 15
89

Jack
    $2000 20
(Cynthia: What is Monaco?)

Liechtenstein

Cynthia
Triple Stumper
    $2000 30
(Jack: What is a shell?)
(Brian: What is an explosive?)

a warhead

JackBrian
Triple Stumper

Scores at the end of the Double Jeopardy! Round:

Jack Brian Cynthia
$13,600 $11,600 $2,200

[wagering suggestions for these scores]

Final Jeopardy! Round responses

THE GRAMMYS
CynthiaWhat is 'O Brother, Where Art Thou?'
$200
BrianWhat is O Brother Where Art Thou
$7,198
JackWhat is "O Brother Where Art Thou?"?
$9,601
O Brother, Where Art Thou?

Final scores:

Jack Brian Cynthia
$23,201 $18,798 $2,400
2-day champion: $71,801 2nd place: $2,000 3rd place: $1,000

Game dynamics:

Coryat scores:

Jack Brian Cynthia
$15,000 $12,200 $2,200
21 R
(including 1 DD),
2 W
(including 1 DD)
20 R
(including 1 DD),
5 W
10 R,
5 W

Combined Coryat: $29,400

[game clues] [game scores] [suggest correction]

Game tape date: 2008-11-18
The J! Archive is created by fans, for fans. Scraping, republication, monetization, and malicious use prohibited; this site may use cookies and collect identifying information. See terms. The Jeopardy! game show and all elements thereof, including but not limited to copyright and trademark thereto, are the property of Jeopardy Productions, Inc. and are protected under law. This website is not affiliated with, sponsored by, or operated by Jeopardy Productions, Inc. Join the discussion at JBoard.tv.